[Event "Challenge"]
[Site "http://www.queenalice.com/game.php?id=292097"]
[Date "2007.10.24"]
[Round "-"]
[White "ricsimiao"]
[Black "pabloitu"]
[Result "1-0"]
[WhiteElo "1390"]
[BlackElo "1367"]

1. e4 e6 2. Nc3 Qf6 3. Nb5 Kd8 4. c3 Bc5 5. d4 c6 6. e5 Qg6 7. h4 d6 8. h5 Qe4+
9. Be2 dxe5 10. dxc5+ Ke8 11. Nd6+ Ke7 12. Nxe4 Nf6 13. Qd6+ Ke8 14. Qc7 Na6 15.
Nd6+ Kf8 16. Qxf7# 1-0

[Event "Challenge"]
[Site "http://www.queenalice.com/game.php?id=305260"]
[Date "2007.11.16"]
[Round "-"]
[White "ricsimiao"]
[Black "pabloitu"]
[Result "1-0"]
[WhiteElo "1384"]
[BlackElo "1390"]

1. e4 e5 2. Nf3 Nc6 3. b3 Nf6 4. c4 Nxe4 5. d3 Bb4+ 6. Bd2 Qh4 7. Nxh4 Nd4 8.
Bxb4 d6 9. dxe4 Nc6 10. Bc3 a5 11. Na3 a4 12. Nb5 O-O 13. Nxc7 Ra7 14. Qxd6 axb3
15. Bxe5 Nxe5 16. Qxe5 f6 17. Qc5 b2 18. Rb1 Rxa2 19. Ne6 Bxe6 20. Nf5 Bxf5 21.
exf5 Ra1 22. Qd5+ Kh8 23. Bd3 h5 24. Qxb7 Rxb1+ 25. Bxb1 Re8+ 26. Kf1 Kh7 27. c5
Kh6 28. Qf7 Ra8 29. Qg6# 1-0

[Event "Challenge"]
[Site "http://www.queenalice.com/game.php?id=305261"]
[Date "2007.11.16"]
[Round "-"]
[White "ricsimiao"]
[Black "Cristianovisk"]
[Result "1-0"]
[WhiteElo "1400"]
[BlackElo "1233"]

1. e4 d6 2. Nf3 g6 3. c3 c5 4. d4 h5 5. Ng5 Nc6 6. Bb5 Qa5 7. Qb3 Bh6 8. Qxf7+
Kd7 9. Qe6+ Kc7 10. Qc4 a6 11. Bxc6 Bxg5 12. Bxg5 bxc6 13. dxc5 dxc5 14. Qf7 c4
15. Qg7 Qxg5 16. O-O Rh6 17. Qxg8 Bb7 18. Qxc4 Qb5 19. Qf7 Qxb2 20. Qxe7+ Kb6
21. f3 Qxa1 22. Qa3 a5 23. Nd2 Qxf1+ 24. Nxf1 g5 25. Qe7 Ba6 26. Ne3 a4 27. Qg7
Rd6 28. Qxg5 a3 29. e5 Rd2 30. Nf5 Rxa2 31. Qc1 Re8 32. Qb1+ Rb2 33. Qa1 Rb3 34.
f4 Bd3 35. Nd4 c5 36. Nxb3 h4 37. Qxa3 Kb5 38. Qa5+ Kc4 39. Qa4+ Kxc3 40. Qxe8
Kxb3 41. e6 Kb4 42. e7 Bb5 43. Qb8 c4 44. e8=Q c3 45. Qbxb5+ Ka3 46. Qe3 h3 47.
Qxc3+ Ka2 48. Qbb2# 1-0

[Event "Challenge"]
[Site "http://www.queenalice.com/game.php?id=305262"]
[Date "2007.11.16"]
[Round "-"]
[White "ricsimiao"]
[Black "AMiller2"]
[Result "1-0"]
[WhiteElo "1401"]
[BlackElo "1345"]

1. e4 e5 2. Nf3 Bc5 3. Nxe5 Qh4 4. Ng4 d6 5. g3 Bxg4 6. Be2 Qf6 7. f3 Bh3 8. Nc3
Qd4 9. Bb5+ c6 10. Qe2 cxb5 11. Nxb5 Bg2 12. Nxd4 Bxh1 13. Qb5+ Nd7 14. c3 a6
15. Qxb7 Rb8 16. Qxa6 Ne5 17. b4 Nxf3+ 18. Nxf3 Bxf3 19. bxc5 dxc5 20. Qd6 Rd8
21. Qe5+ Ne7 22. Qxg7 Rf8 23. Rb1 Bxe4 24. Rb6 Ra8 25. Qe5 Bd5 26. c4 f6 27.
Qh5+ Bf7 28. Qxh7 Bxc4 29. Qe4 Bd5 30. Qf4 Bxa2 31. Rxf6 Nd5 32. Qe5+ Ne7 33.
Re6 Bxe6 34. Qxe6 Ra1 35. Qc4 Nc6 36. Qxc5 Na5 37. Qe5+ Kd7 38. Qxa1 Re8+ 39.
Kd1 Nc4 40. Qa4+ Kd8 41. Qxc4 Ke7 42. h4 Kf6 43. Bb2+ Kf5 44. Qf4+ Ke6 45. h5
Ke7 46. h6 Ra8 47. Qe4+ 1-0

[Event "Challenge"]
[Site "http://www.queenalice.com/game.php?id=308666"]
[Date "2007.11.23"]
[Round "-"]
[White "tiagoaf"]
[Black "ricsimiao"]
[Result "1-0"]
[WhiteElo "1246"]
[BlackElo "1409"]

1. e3 e6 2. Nh3 g5 3. f4 h6 4. fxg5 hxg5 5. Na3 Nc6 6. Qg4 Bh6 7. Nxg5 Bxg5 8.
c3 Rh4 9. Qg3 Ne5 10. Qxe5 f6 11. Qg3 Ne7 12. c4 Nf5 13. Qf3 c5 14. g3 Rh8 15.
Nb5 a6 16. g4 Nh4 17. Qh3 axb5 18. cxb5 Ng6 19. Qf3 Ne5 20. Qe2 Rh4 21. h3 Nxg4
22. Rg1 Ne5 23. d4 Qa5+ 24. Bd2 Qa4 25. dxe5 fxe5 26. Rxg5 Qe4 27. Rg8+ Kf7 28.
Rg4 Rxg4 29. hxg4 Qc2 30. Bc1 Qa4 31. Qf2+ Ke8 32. g5 Qg4 33. Qg2 Qh4+ 34. Kd1
Ra4 35. g6 d5 36. g7 Rg4 37. g8=Q+ Rxg8 38. Qxg8+ Kd7 39. b6 Qh5+ 40. Be2 Qh1+
41. Kd2 Qe4 42. Bb5+ Ke7 43. Qxc8 Qb4+ 44. Kd1 Qxb5 45. Qc7+ Kf6 46. e4 Qd3+ 47.
Ke1 Qxe4+ 48. Kd2 Qb4+ 49. Kd1 c4 50. Qxb7 c3 51. bxc3 Qxc3 52. Bh6 Qxa1+ 53.
Bc1 Qd4+ 54. Kc2 e4 55. Bh6 e3 56. Qg7+ Kf5 57. Qxd4 e5 58. Qxe3 d4 59. Qg5+ 1-0

[Event "Challenge"]
[Site "http://www.queenalice.com/game.php?id=341367"]
[Date "2008.1.23"]
[Round "-"]
[White "clodoaldopaiva"]
[Black "ricsimiao"]
[Result "1/2-1/2"]
[WhiteElo "1431"]
[BlackElo "1400"]

1. Nf3 c6 2. e4 Nf6 3. e5 Nh5 4. Be2 Nf4 5. O-O d5 6. d4 Qd7 7. Bxf4 Qg4 8. Ng5
Qxf4 9. Nf3 e6 10. c4 f6 11. Bd3 Nd7 12. c5 fxe5 13. dxe5 Bxc5 14. Qd2 O-O 15.
Ng5 Qxe5 16. Bxh7+ Kh8 17. Nc3 Bd6 18. g3 Qf6 19. Rae1 Nc5 20. b4 d4 21. bxc5
dxc3 22. Qxd6 g6 23. Nxe6 Rf7 24. Nd8 Rf8 25. Nf7+ Rxf7 26. Bxg6 Rf8 27. Re5 Bh3
28. Rc1 Rad8 29. Qxf6+ Rxf6 30. Rh5+ Kg7 31. Bc2 Rh8 32. g4 Bxg4 33. Rg5+ Kh6
34. Rxg4 Re6 35. Bd3 Rd8 36. Rxc3 Re1+ 37. Bf1 Kh5 38. Rgg3 Rdd1 39. Rh3+ Kg4
40. Kg2 Rxf1 41. Rcg3+ Kf4 42. Rh4+ Kf5 43. Kf3 Ra1 44. Rh5+ Kf6 45. Rh6+ Ke5
46. Rg4 Kf5 47. h4 Rg1 48. Rf4+ Ke5 49. Re4+ Kf5 50. Re7 Rxa2 51. Rxb7 Ra5 52.
Rxc6 Rh1 53. Rd7 Ke5 54. Rh7 Kd5 55. Rg6 Rxc5 56. Rxa7 Rxh4 57. Rg5+ Kc4 58.
Rg4+ Rxg4 59. Kxg4 Kd4 60. f3 Ke3 61. f4 Rc8 62. f5 1/2-1/2

[Event "Challenge"]
[Site "http://www.queenalice.com/game.php?id=352764"]
[Date "2008.2.11"]
[Round "-"]
[White "ricsimiao"]
[Black "pabloitu"]
[Result "1/2-1/2"]
[WhiteElo "1400"]
[BlackElo "1345"]

1. e4 e5 2. Nf3 d6 3. c3 Bg4 4. Bc4 Nf6 5. Qb3 Be6 6. Qxb7 Nbd7 7. b3 Nc5 8. Qb4
d5 9. exd5 Bxd5 10. Nxe5 Qd6 11. d4 Bxc4 12. Nxc4 Nd3+ 13. Kd2 Nxb4 14. Nxd6+
Bxd6 15. cxb4 Bxb4+ 16. Kd1 O-O 17. a3 Ne4 18. Be3 Bd6 19. f3 Nf6 20. b4 Rfe8
21. Bg5 Rad8 22. Nc3 h6 23. Bxf6 gxf6 24. Ne4 Be5 25. f4 Rxd4+ 26. Nd2 Bxf4 27.
Ra2 Red8 28. Rc2 Bxd2 29. Ke2 Re8+ 30. Kd1 Bxb4+ 31. Kc1 Bxa3+ 32. Kb1 Rb8+ 33.
Ka2 Bc1 34. Ka1 f5 35. Rhxc1 Ra4+ 36. Ra2 Rg4 37. Rb1 Ra8 38. Rb7 Rd8 39. Rab2
Ra4+ 40. Kb1 c5 41. Kc2 c4 42. R2b4 Rxb4 43. Rxb4 Rc8 44. Kc3 Re8 45. Rxc4 Re2
46. Rf4 Rxg2 47. Rxf5 Rxh2 48. Kd3 Kg7 49. Ke3 Kg6 50. Rf4 Rg2 51. Kf3 Rg1 52.
Kf2 Kg5 53. Rxf7 Ra1 54. Kg3 Ra3+ 55. Kg2 a5 56. Ra7 h5 57. Kh2 Kg4 58. Kg2 h4
59. Rc7 Ra2+ 60. Kf1 Kf3 61. Rc1 h3 62. Kg1 Rg2+ 63. Kh1 Re2 64. Rc5 Kg3 65. Rc1
Rg2 66. Rc3+ Kh4 67. Rc4+ Kg3 68. Rc1 Rh2+ 69. Kg1 Ra2 70. Rc3+ Kg4 71. Rc4+ Kg3
72. Rc3+ Kg4 73. Rc4+ Kg3 74. Rc3+ Kh4 75. Rc4+ Kg5 76. Rc3 Kg4 77. Rc4+ 1/2-1/2

[Event "Challenge"]
[Site "http://www.queenalice.com/game.php?id=356491"]
[Date "2008.2.18"]
[Round "-"]
[White "cesarcalegari"]
[Black "ricsimiao"]
[Result "0-1"]
[WhiteElo "1324"]
[BlackElo "1386"]

1. e4 d5 2. f3 f5 3. d3 Nf6 4. Nc3 Nc6 5. Nxd5 Nxd5 6. exd5 Qxd5 7. Qe2 Nd4 8.
Qf2 Qc5 9. a4 e6 10. Ra3 Nxc2+ 11. Ke2 Nxa3 12. d4 Qc4+ 13. Kd2 Qc2+ 14. Ke1
Qxc1+ 15. Ke2 Qxb2+ 16. Ke3 Nc2+ 17. Kf4 Bd6+ 18. Kg5 h6+ 19. Kh4 e5 20. Qe2
Qxd4+ 21. Kh3 Be7 22. g3 f4+ 23. g4 h5 24. Qxc2 hxg4+ 25. Kg2 gxf3+ 26. Nxf3
Bh3# 0-1

[Event "Challenge"]
[Site "http://www.queenalice.com/game.php?id=373653"]
[Date "2008.3.19"]
[Round "-"]
[White "clodoaldopaiva"]
[Black "ricsimiao"]
[Result "1-0"]
[WhiteElo "1449"]
[BlackElo "1415"]

1. Nf3 c5 2. c4 Nc6 3. e3 e5 4. d4 e4 5. Nfd2 Nf6 6. d5 Nb4 7. a3 Nd3+ 8. Bxd3
exd3 9. Qb3 Bd6 10. Qxd3 O-O 11. Nf3 Ng4 12. e4 Ne5 13. Nxe5 Bxe5 14. f4 Bd4 15.
Nc3 Qa5 16. b4 Qb6 17. Na4 Qa6 18. Nxc5 Bxc5 19. bxc5 Qa5+ 20. Bd2 Qxc5 21. Bb4
Qc7 22. e5 Re8 23. Bc3 d6 24. O-O Qb6+ 25. Bd4 Qc7 26. Qg3 Qxc4 27. Rad1 Qxd5
28. exd6 Qxd6 29. Qxg7# 1-0

[Event "Challenge"]
[Site "http://www.queenalice.com/game.php?id=386744"]
[Date "2008.4.13"]
[Round "-"]
[White "clodoaldopaiva"]
[Black "ricsimiao"]
[Result "0-1"]
[WhiteElo "1533"]
[BlackElo "1398"]

1. e4 e5 2. d4 exd4 3. Qxd4 c5 4. Qe5+ Be7 5. Qxg7 Bf6 6. Qg3 Nc6 7. Nf3 Nb4 8.
Na3 d6 9. Bf4 Bxb2 10. Rd1 Bxa3 11. Bxd6 Nxc2+ 12. Ke2 Bb2 13. Bxc5 Bd7 14. Nd4
Nxd4+ 15. Bxd4 Bxd4 16. Rxd4 Qf6 17. Rd6 Qb2+ 18. Ke1 Nf6 19. Rxf6 Qxf6 20. e5
Qe6 21. Qg7 Rf8 22. Bd3 Rc8 23. Qg5 Qxa2 24. Be2 Rc2 25. Qe3 Rg8 26. g3 Rb2 27.
Bd3 Qa1+ 28. Bb1 Qxb1+ 0-1

[Event "Challenge"]
[Site "http://www.queenalice.com/game.php?id=399773"]
[Date "2008.5.8"]
[Round "-"]
[White "fferraz"]
[Black "ricsimiao"]
[Result "0-1"]
[WhiteElo "1476"]
[BlackElo "1419"]

1. Nc3 e5 2. d4 exd4 3. Qxd4 c5 4. Qa4 a6 5. Nh3 b5 6. Bg5 f6 7. Qe4+ Be7 8.
O-O-O fxg5 9. Qxa8 Nc6 10. Nd5 g4 11. Nhf4 Bg5 12. h4 Bxh4 13. Rxh4 g5 14. Rxg4
gxf4 15. Rg7 Kf8 16. Rg4 Nh6 17. Rxf4+ Kg7 18. Rd3 Rf8 19. Rg3+ Kh8 20. Rf6 Rxf6
21. Nxf6 d6 22. Qxc6 Be6 23. Re3 Qxf6 24. Qe8+ Bg8 25. Re6 Qxf2 26. b3 Qxf1+ 27.
Kb2 Qxg2 28. Rxh6 Qg7+ 29. c3 Qxh6 30. a4 Qd2+ 31. Ka3 Qxc3 32. axb5 Qxb3# 0-1

[Event "Challenge"]
[Site "http://www.queenalice.com/game.php?id=406820"]
[Date "2008.5.22"]
[Round "-"]
[White "pabloitu"]
[Black "ricsimiao"]
[Result "0-1"]
[WhiteElo "1320"]
[BlackElo "1413"]

1. Nc3 e5 2. Nd5 c6 3. Nb4 c5 4. Nd5 b6 5. e3 Bb7 6. e4 Nf6 7. Bc4 Nxe4 8. Qf3
Nd6 9. Nh3 Nxc4 10. d3 Bxd5 11. Qxd5 Nc6 12. Qxc4 Nd4 13. f4 Qh4+ 14. Kd2 Qg4
15. Re1 Qxg2+ 16. Kc3 Qxh3 17. Rxe5+ Be7 18. b4 Qg2 19. Bd2 d6 20. Rg5 Bxg5 21.
fxg5 b5 22. Qb3 a5 23. Qb1 axb4+ 24. Kb2 Qxd2 25. Qc1 Qxh2 26. Qe1+ Kd8 27. Rc1
Re8 28. Qh1 Qxh1 29. Rxh1 Re2 30. Kb1 Rxc2 31. Rxh7 Raxa2 32. Rxg7 Rab2+ 33. Ka1
Nb3# 0-1

[Event "Challenge"]
[Site "http://www.queenalice.com/game.php?id=412164"]
[Date "2008.6.2"]
[Round "-"]
[White "clodoaldopaiva"]
[Black "ricsimiao"]
[Result "1-0"]
[WhiteElo "1537"]
[BlackElo "1437"]

1. e4 e5 2. Nf3 Nc6 3. c3 g5 4. d4 exd4 5. Bxg5 f6 6. Bh4 dxc3 7. Nxc3 d6 8. Nd5
Be7 9. g4 Nh6 10. Qd2 Nxg4 11. Be2 Be6 12. Nd4 Bxd5 13. Bxg4 Bxe4 14. Bh5+ Bg6
15. Ne6 Qd7 16. Bg4 f5 17. Bxf5 Ne5 18. Ng7+ Kf8 19. Bxe7+ Qxe7 20. Ne6+ Ke8 21.
Qd5 Bxf5 22. Qxb7 Nd3+ 23. Kd2 Qg5+ 24. Nxg5 1-0

[Event "Challenge"]
[Site "http://www.queenalice.com/game.php?id=433829"]
[Date "2008.7.15"]
[Round "-"]
[White "clodoaldopaiva"]
[Black "ricsimiao"]
[Result "1-0"]
[WhiteElo "1537"]
[BlackElo "1425"]

1. e4 Nf6 2. e5 Nd5 3. Bc4 c6 4. Qf3 e6 5. d4 Qb6 6. Ne2 Nb4 7. Bb3 a5 8. a3 Nd5
9. Nbc3 Qc7 10. Nxd5 cxd5 11. Bg5 a4 12. Qc3 Qb6 13. Qxc8+ Qd8 14. Qxd8# 1-0

[Event "Challenge"]
[Site "http://www.queenalice.com/game.php?id=442641"]
[Date "2008.8.2"]
[Round "-"]
[White "clodoaldopaiva"]
[Black "ricsimiao"]
[Result "0-1"]
[WhiteElo "1526"]
[BlackElo "1425"]

1. e3 e5 2. d4 e4 3. Nc3 f5 4. f3 d5 5. f4 h5 6. Be2 g5 7. Nh3 Bh6 8. Bxh5+ Kf8
9. fxg5 Bxg5 10. Nxg5 Qxg5 11. Nxd5 Na6 12. Nf4 Rh6 13. Bd2 b6 14. Qe2 Nf6 15.
Ng6+ Kg7 16. O-O-O Rxh5 17. Nf4 Ng4 18. Ne6+ Bxe6 19. h3 Bc4 20. Qxc4 Nf2 21.
Qc6 Nxh1 22. Qxa8 Nf2 23. Rg1 Rxh3 24. Be1 Qxe3+ 25. Bd2 Qg3 26. b3 e3 27. Bc3
Ne4 28. Be1 Qh2 29. Qc8 Nd6 30. Qd7+ Nf7 31. Qxf5 Qxg1 32. Qg4+ Kf8 33. gxh3
Qxe1+ 34. Kb2 Nb4 35. h4 Qd2 36. Qc8+ Kg7 37. Ka3 e2 38. d5 Nxc2+ 39. Kb2 Nb4+
40. Ka3 a5 41. Qxc7 Qxa2# 0-1

[Event "AUTO-OPEN-1274"]
[Site "http://www.queenalice.com/game.php?id=467329"]
[Date "2008.9.23"]
[Round "1"]
[White "Champignac"]
[Black "ricsimiao"]
[Result "1-0"]
[WhiteElo "1792"]
[BlackElo "1438"]

1. e4 Nf6 2. Nc3 e5 3. Bc4 Nc6 4. Nf3 Na5 5. Bd3 c5 6. Nxe5 Qe7 7. f4 g5 8. O-O
gxf4 9. Nc4 Nxc4 10. Bxc4 Nxe4 11. Nxe4 Qxe4 12. Re1 Qxe1+ 13. Qxe1+ Kd8 14. d3
Bh6 15. Qh4+ Ke8 16. Bxf4 Bxf4 17. Re1+ Kf8 18. Qe7+ Kg8 19. Qxf7# 1-0

[Event "AUTO-OPEN-1274"]
[Site "http://www.queenalice.com/game.php?id=467330"]
[Date "2008.9.23"]
[Round "1"]
[White "ricsimiao"]
[Black "Champignac"]
[Result "0-1"]
[WhiteElo "1409"]
[BlackElo "1790"]

1. e4 d5 2. Nc3 d4 3. Nb5 a6 4. Na3 e5 5. Nf3 Nd7 6. c3 Bxa3 7. bxa3 c5 8. c4
Ngf6 9. d3 h6 10. a4 b5 11. Nh4 Nxe4 12. Nf5 Nxf2 13. Nd6+ Kf8 14. Qf3 f6 15.
Qxa8 Nb6 16. Qc6 Ke7 17. Qf3 Qxd6 18. Qxf2 b4 19. Qg3 g5 20. a5 Na4 21. a3 b3
22. Bd2 Nc3 23. Bxc3 dxc3 24. Rb1 c2 25. Rd1 cxd1=Q+ 26. Kxd1 Qd4 27. Kd2 Qb2+
28. Ke3 Qc1+ 29. Kf3 b2 30. h4 g4+ 31. Ke4 b1=Q 32. Qxg4 Bxg4 0-1

[Event "AUTO-OPEN-1274"]
[Site "http://www.queenalice.com/game.php?id=467351"]
[Date "2008.9.23"]
[Round "1"]
[White "ricsimiao"]
[Black "CarlosOlivas"]
[Result "0-1"]
[WhiteElo "1430"]
[BlackElo "1654"]

1. e4 e6 2. Nc3 d5 3. d3 d4 4. Na4 b5 5. Qf3 Nc6 6. Nc5 Bxc5 7. e5 Nge7 8. Nh3
Qd5 9. Qf4 Nxe5 10. Qg5 O-O 11. a3 Bb7 12. Nf4 Nf3+ 13. Kd1 Qxg5 14. Nxe6 Qe5
15. gxf3 Bxf3+ 16. Kd2 fxe6 17. b4 Bg4 18. bxc5 Rxf2+ 19. Be2 Qxe2# 0-1

[Event "AUTO-OPEN-1274"]
[Site "http://www.queenalice.com/game.php?id=467352"]
[Date "2008.9.23"]
[Round "1"]
[White "CarlosOlivas"]
[Black "ricsimiao"]
[Result "1-0"]
[WhiteElo "2015"]
[BlackElo "1407"]

1. d4 e6 2. e4 d5 3. Nc3 Nf6 4. e5 Ne4 5. Nxe4 dxe4 6. Be3 Nc6 7. Ne2 Bb4+ 8. c3
Bf8 9. Qc2 f5 10. exf6 gxf6 11. Qxe4 Na5 12. Nf4 f5 13. Qe5 Rg8 14. Qxa5 b6 15.
Qa4+ Bd7 16. Qc4 b5 17. Qb3 Rb8 18. Nxe6 Qe7 19. Nxc7+ Kd8 20. Qxg8 Kxc7 21.
Qg3+ Kc8 22. a4 Qe4 23. axb5 Qc2 24. Qg8 Kc7 25. Rxa7+ 1-0

[Event "AUTO-OPEN-1274"]
[Site "http://www.queenalice.com/game.php?id=467353"]
[Date "2008.9.23"]
[Round "1"]
[White "ricsimiao"]
[Black "diego_flavio14"]
[Result "0-1"]
[WhiteElo "1438"]
[BlackElo "1639"]

1. e3 e5 2. Nf3 Nc6 3. c4 Nf6 4. Nc3 Bb4 5. Nd5 Nxd5 6. cxd5 Ne7 7. a3 Bd6 8. e4
c6 9. Bc4 b5 10. Bd3 Ba6 11. b4 cxd5 12. exd5 Ng6 13. a4 Bxb4 14. axb5 Bb7 15.
Bxg6 fxg6 16. Nxe5 Bxd5 17. Qe2 O-O 18. Nd3 Re8 19. Ne5 Bd6 20. Bb2 Bxg2 21. Rg1
Bb7 22. Kd1 Qf6 23. Nxd7 Qxb2 24. Qc4+ Kh8 25. Rc1 Bf3+ 26. Qe2 Bxe2+ 27. Ke1
Bd3+ 28. Kd1 Qb3+ 29. Rc2 Qxc2# 0-1

[Event "AUTO-OPEN-1274"]
[Site "http://www.queenalice.com/game.php?id=467354"]
[Date "2008.9.23"]
[Round "1"]
[White "diego_flavio14"]
[Black "ricsimiao"]
[Result "1-0"]
[WhiteElo "1672"]
[BlackElo "1445"]

1. d4 e6 2. e4 Nf6 3. Nc3 Bb4 4. Ne2 Nxe4 5. Bd2 Qh4 6. Nxe4 f5 7. Nc5 Bxc5 8.
dxc5 O-O 9. Ng3 Qd4 10. Bc3 Qxc5 11. Be2 Qc6 12. O-O f4 13. Nh5 g6 14. Qd4 Rf7
15. Qh8# 1-0

[Event "Challenge"]
[Site "http://www.queenalice.com/game.php?id=471080"]
[Date "2008.10.1"]
[Round "-"]
[White "clodoaldopaiva"]
[Black "ricsimiao"]
[Result "1-0"]
[WhiteElo "1485"]
[BlackElo "1423"]

1. e4 e5 2. d4 f6 3. dxe5 fxe5 4. Qh5+ g6 5. Qxe5+ Qe7 6. Qxh8 Nf6 7. Bg5 Qg7 8.
Bxf6 Qxh8 9. Bxh8 b6 10. Nf3 Bb7 11. Nc3 Nc6 12. Be2 Bc5 13. Nd5 Nb4 14. O-O
Nxc2 15. Rad1 c6 16. Nc7+ Kf8 17. Nxa8 Bxa8 18. Rxd7 Ke8 19. Rxa7 Nd4 20. Rxa8+
Kd7 21. Rd1 Kc7 22. Ra7+ Kb8 23. Rxh7 g5 24. Bxd4 Bd6 25. Bxb6 g4 26. Rxd6 Kc8
27. Rd8# 1-0